Zsa Zsa Gabor : una vida es poco /
Nació y pasó su infancia en Budapest. Fue sin embargo en Estados Unidos, su país de adopción, donde logró convertirse en uno de las personalidades más criticadas, envidiadas y también más representativas de un estilo -sensualidad, encanto personal, libertad de espíritu- que es el de los grandes mito...
Guardado en:
| Autor Principal: | |
|---|---|
| Otros Autores: | , |
| Formato: | Libro |
| Idioma: | Undetermined |
| Publicado: |
Barcelona :
Grijalbo,
1992.
|
| Edición: | 1a ed. |
| Series: | Hojas nuevas
|
| Materias: | |
| Etiquetas: |
Agregar Etiqueta
Sin Etiquetas, Sea el primero en etiquetar este registro!
|
| LEADER | 01703nam a22002295a 4500 | ||
|---|---|---|---|
| 001 | CEM.cems025009 | ||
| 008 | 251209s1992####sp############000#0#und#d | ||
| 005 | 20251209142033.0 | ||
| 245 | 1 | 0 | |a Zsa Zsa Gabor : |b una vida es poco / |c Zsa Zsa Gabor y Wendy Leigh ; traducción de Diana Falcón. |
| 250 | |a 1a ed. | ||
| 260 | |a Barcelona : |b Grijalbo, |c 1992. | ||
| 300 | |a 281 p. | ||
| 490 | 1 | |a Hojas nuevas | |
| 500 | |a Título original: One lifetime is not enough. | ||
| 520 | |a Nació y pasó su infancia en Budapest. Fue sin embargo en Estados Unidos, su país de adopción, donde logró convertirse en uno de las personalidades más criticadas, envidiadas y también más representativas de un estilo -sensualidad, encanto personal, libertad de espíritu- que es el de los grandes mitos eróticos estadounidenses de los años cincuenta y sesenta. Actriz y show woman, Zsa Zsa es sobre todo una mujer deslumbrante, sin prejuicios, alegre y deseada: nueva matrimonios -entre otros, con el actor George Sanders y el hotelero Conrad Hilton-, multitud de amantes -Sinatra, Sean Connery, Richard Burton...-, amigos poderosos -Kennedy, Reagan, Nixon...- enmarcan su fascinante personalidad. Ciertamente, para Zsa Zsa una vida es poco. Y ese "poco" es lo que narra en este libro, que es al tiempo autobiografía escandalosa (y en muchos pasajes, tierna), desenfadada galería de personalidades que marcaron una época y excelente ejemplo de lo que debe ser vivacidad y sentido del humor. | ||
| 020 | |a 8425324521 | ||
| 100 | 1 | |a Gabor, Zsa Zsa. | |
| 700 | 1 | |a Leigh, Wendy. | |
| 700 | 1 | |a Falcón, Diana; trad. | |
| 653 | |a Autobiografía | ||
| 653 | |a Cine | ||
| 859 | |a CEMS |b BIB. CEMS - 11 de abril |h 928 |i G116 |p 29398.23 |t Ej.1 | ||
